LEADER 01624nam a2200337 u 4500 001 000000034261 003 CaOOAMICUS 005 20070226112444.0 008 971127s1997 it u000 u ita u 020 $a8837216556 035 $a10777521 040 $aIPA$bita 245 03$aIl Concilio di Trento nella prospettiva del terzo millennio :$batti del convegno tenuto a Trento il 25-28 settembre 1995 /$ca cura di Giuseppe Alberigo e Iginio Rogger. 260 $aBrescia :$bMorcelliana,$c1997. 300 $a461 p. ;$c23 cm 490 1 $aReligione e cultura ;$v10 500 $aComprende riferimenti bibliografici e indice. 500 $aIn testa al front.: Istituto di scienze religiose in Trento. 611 24$aConcilium Tridentinum$d(1545-1563).$0(OLS)http://pul/subject/698 700 1 $aAlberigo, Giuseppe,$d1926-2007.$0(OLS)http://pul/name/114 700 1 $aRogger, Iginio.$0(OLS)http://pul/name/15075 710 2 $aIstituto di scienze religiose in Trento.$0(OLS)http://pul/name/399 830 0$aReligione e cultura ;$v10.$0(OLS)http://pul/title/21162 850 $aPUL 852 $aPUL$W1$xSL Religione 1$y3$m30 F 30$j46987$nBK-PRI$b $qStampati$B46987$CPULBib$Z2$F46987 $H $81 941 1 $a8 960 $aConcilio di Trento$d(1545-1563)$9698 961 $aINV: 77446 996 $6020$a8837216556$9(OLS)http://pul/number/42983 996 $6245$aIl Concilio di Trento nella prospettiva del terzo millennio :$batti del convegno tenuto a Trento il 25-28 settembre 1995$9(OLS)http://pul/title/47195 996 $6260$aBrescia :$bMorcelliana$9(OLS)http://pul/publisher/47854 LEADER 01057nam a2200265 u 4500 001 000000080071 003 CaOOAMICUS 005 20070226123615.0 008 040622s2000 it u000 u ita u 020 $a8839901035 035 $a11001478 040 $aPUL$bita 245 10$aCorso di teologia sacramentaria.$n1,$pMetodi e prospettive /$ceditore Andrea Grillo et al. 260 $aBrescia :$bQueriniana,$c2000. 300 $a628 p. ;$c30 cm 500 $aComprende indice. 504 $aBibliografia in nota. 650 4$aSacramenti.$0(OLS)http://pul/subject/763 700 1 $aGrillo, Andrea,$d1961-$0(OLS)http://pul/name/32986 850 $aPUL 852 $aPUL$W1$xSL Religione 3$y85$m234. 16 GRIAN 1.1$j102317$nBK-PRI$qDDC 21$B102317$CPULBib$Z2$F102317 $H84636 $82 941 1 $a9 996 $6020$a8839901035$9(OLS)http://pul/number/105663 996 $6245$aCorso di teologia sacramentaria.$n1,$pMetodi e prospettive$9(OLS)http://pul/title/104885 996 $6260$aBrescia :$bQueriniana$9(OLS)http://pul/publisher/47906